[Event "Ch Great Britain"]
[Site "masterchessopen.com Southport (England)"]
[Round "4"]
[White "Botterill George S (WLS)"]
[Black "Wells Peter K (ENG)"]
[Result "1-0"]
[WhiteElo "2360"]
[BlackElo "2497"]

1.d4 Nf6 2.c4 e6 3.Nc3 Bb4 4.Qc2 c5 5.dxc5 O-O 6.Nf3 Na6 7.Bd2 Nxc5 8.a3 Bxc3
9.Bxc3 Nfe4 10.Bd4 a5 11.b4 axb4 12.axb4 Rxa1+ 13.Bxa1 Qb6 14.Qb2 f6 15.e3 Na6
16.Bd3 d5 17.cxd5 exd5 18.O-O Qxb4 19.Qa2 Nac5 20.Bb1 Qc4 21.Qb2 Na4 22.Qa3
Nac3 23.Bxc3 Nxc3 24.Nd2 Qc7 25.Bxh7+ Kf7 26.Bg6+ Kg8 27.Qb4 d4 28.Nf3 f5
29.Qb3+ Kh8 30.exd4 Ne2+ 31.Kh1 Nf4 32.Ne5 Qd6 33.Qg3 Kg8 {#r} 1-0

[Event "Ch France"]
[Site "masterchessopen.com France"]
[Round "8"]
[White "Villeneuve Alain (FRA)"]
[Black "Cerisier Philippe (FRA)"]
[Result "0-1"]
[WhiteElo "2261"]
[BlackElo "2325"]

1.d4 Nf6 2.c4 e6 3.Nc3 Bb4 4.Qc2 c5 5.dxc5 O-O 6.a3 Bxc5 7.Nf3 Nc6 8.Bf4 d5
9.Rd1 e5 10.Bg5 d4 11.Nd5 Be7 12.Nxe7+ Qxe7 13.e4 h6 14.Bc1 a5 15.b3 Nd7
16.Be2 Nc5 17.Nd2 Qg5 18.g3 Bh3 19.g4 d3 20.Bxd3 Nd4 21.Qb1 Qxg4 22.Bb2 Qg2
23.Bxd4 exd4 24.Rf1 Qxh2 25.Nf3 Qf4 26.Nxd4 Bxf1 27.Kxf1 Rad8 28.Nf5 Nxd3
29.Rxd3 Qxe4 30.Nxh6+ Kh7 {#R} 0-1

[Event "It"]
[Site "masterchessopen.com Kiev (Ukraine)"]
[Round "0"]
[White "Oll Lembit (EST)"]
[Black "Iailian Mikhail (GEO)"]
[Result "0-1"]
[WhiteElo "2630"]
[BlackElo "2430"]

1.d4 Nf6 2.c4 e6 3.Nc3 Bb4 4.Qc2 c5 5.dxc5 O-O 6.a3 Bxc5 7.Nf3 Nc6 8.Bf4 d5
9.Rd1 e5 10.Bg3 Nd4 11.Nxd4 exd4 12.Nxd5 Nxd5 13.cxd5 Bb6 14.f3 Bd7 15.Be5 Rc8
16.Qd3 Ba4 17.Rd2 Rc1+ 18.Kf2 Bc2 19.Qb5 a6 {#R} 0-1

[Event "Tournament (juniors)"]
[Site "masterchessopen.com Sochi (Russia)"]
[Round "0"]
[White "Bareev Evgeny (RUS)"]
[Black "Oll Lembit (EST)"]
[Result "0-1"]
[WhiteElo "2663"]
[BlackElo "2630"]

1.d4 Nf6 2.c4 e6 3.Nc3 Bb4 4.Qc2 c5 5.dxc5 O-O 6.e4 Bxc5 7.Bg5 Nc6 8.O-O-O Qa5
9.Nh3 a6 10.Bxf6 gxf6 11.Rd3 Kh8 12.Qd2 Rg8 13.Nf4 Be7 14.Rg3 d6 15.Rxg8+ Kxg8
16.h4 Bd7 17.Rh3 Kh8 18.Rg3 Rg8 19.Rxg8+ Kxg8 20.Be2 Qc5 21.Nh5 Qxf2 22.e5
Nxe5 23.Qh6 Qxg2 24.Ne4 Qg6 25.Nhxf6+ Kh8 26.Qf4 Bc6 {#R} 0-1

[Event "Europe Tournament (corr.)"]
[Site "masterchessopen.com corr."]
[Round "0"]
[White "Wiersma Tjalling (NED)"]
[Black "Mayr Florian (GER)"]
[Result "1-0"]
[WhiteElo "2174"]
[BlackElo "2103"]

1.d4 Nf6 2.c4 e6 3.Nc3 Bb4 4.Qc2 c5 5.dxc5 O-O 6.a3 Bxc5 7.Nf3 Nc6 8.Bg5 Nd4
9.Nxd4 Bxd4 10.e3 Qa5 11.exd4 Qxg5 12.g3 d5 13.f4 Qh5 14.Be2 Qh3 15.c5 Bd7
16.Bf1 Qh5 17.Bg2 b6 18.O-O bxc5 19.dxc5 Rac8 20.b4 Qg6 21.Qxg6 hxg6 22.Rfc1
Rc7 23.Ne2 Bb5 24.Nd4 Bc4 25.c6 Ne8 26.b5 Nd6 27.a4 Nf5 28.Nxf5 gxf5 29.Kf2
Rb8 30.Ke3 Kf8 31.Kd4 Ke7 32.Rab1 Kd6 33.Rxc4 dxc4 34.Kxc4 {#r} 1-0

[Event "It \"]
[Site "masterchessopen.com Gausdal (Norway)"]
[Round "0"]
[White "Ostenstad Berge (NOR)"]
[Black "Iskov Gert (DEN)"]
[Result "0-1"]
[WhiteElo "2469"]
[BlackElo "2320"]

1.d4 Nf6 2.c4 e6 3.Nc3 Bb4 4.Qc2 c5 5.dxc5 O-O 6.Nf3 Na6 7.a3 Bxc3+ 8.Qxc3
Nxc5 9.Bf4 d6 10.e3 Nfe4 11.Qc2 e5 12.Bg3 Bf5 13.Qd1 a5 14.b4 axb4 15.axb4 Qb6
16.Be2 Qxb4+ 17.Kf1 Nc3 {#R} 0-1

[Event "Ch Germany (juniors) (under 20)"]
[Site "masterchessopen.com Germany"]
[Round "4"]
[White "Salvermoser Bernd (GER)"]
[Black "Biehler Thomas (GER)"]
[Result "0-1"]
[WhiteElo "2299"]
[BlackElo "2254"]

1.d4 Nf6 2.c4 e6 3.Nc3 Bb4 4.Qc2 c5 5.dxc5 O-O 6.Nf3 Na6 7.Bd2 Nxc5 8.e3 b6
9.Be2 Bb7 10.a3 Bxc3 11.Bxc3 Rc8 12.O-O h6 13.b4 Nce4 14.Bd4 d5 15.Qb3 dxc4
16.Bxc4 Qc7 17.Bd3 Ng4 18.g3 e5 19.Bb2 Nexf2 20.Rxf2 Nxf2 21.Bf5 Qc6 22.e4 Qc2
23.Qxc2 Rxc2 24.Bxe5 Bxe4 25.Nd4 Rd2 26.Bxe4 Nxe4 27.Re1 Ng5 {#R} 0-1

[Event "?"]
[Site "masterchessopen.com Gaeta (Italy)"]
[Round "0"]
[White "Beggi Pierluigi (ITA)"]
[Black "Bertok Mario (CRO)"]
[Result "0-1"]
[WhiteElo "2122"]
[BlackElo "2282"]

1.d4 Nf6 2.c4 e6 3.Nc3 Bb4 4.Qc2 c5 5.dxc5 O-O 6.Nf3 Nc6 7.Bg5 Bxc5 8.a3 a6
9.e3 Be7 10.Be2 Qc7 11.O-O b6 12.Rfd1 d6 13.Ne4 Nxe4 14.Qxe4 Bb7 15.Bd3 g6
16.Qh4 f6 17.Bh6 Rf7 18.Qh3 f5 19.e4 Ne5 20.Nxe5 dxe5 21.Re1 fxe4 22.Bxe4 Bc5
23.Bxb7 Bxf2+ 24.Kh1 Bxe1 {#R} 0-1

[Event "It (open)"]
[Site "masterchessopen.com Belgrade (Yugoslavia)"]
[Round "7"]
[White "Bykhovsky Avigdor (RUS)"]
[Black "Gligoric Svetozar (SRB)"]
[Result "1-0"]
[WhiteElo "2445"]
[BlackElo "2500"]

1.d4 Nf6 2.c4 e6 3.Nc3 Bb4 4.Qc2 c5 5.dxc5 O-O 6.a3 Bxc5 7.Nf3 Nc6 8.Bg5 Nd4
9.Nxd4 Bxd4 10.e3 Qa5 11.exd4 Qxg5 12.Qd2 Qxd2+ 13.Kxd2 b6 14.Bd3 Ba6 15.Rhc1
Rfc8 16.Nd1 d6 17.b4 Bb7 18.f3 e5 19.d5 g6 20.Nc3 Ne8 21.g4 f6 22.a4 a5
23.Rab1 Ba6 24.Ne4 Rd8 25.bxa5 bxa5 26.Rb6 Bc8 27.c5 dxc5 28.Rxc5 f5 29.gxf5
Bxf5 30.Ke3 Ra7 31.Bb5 Ng7 32.d6 Bc8 33.Rb8 Nf5+ 34.Kf2 {#r} 1-0

[Event "It (w)"]
[Site "masterchessopen.com Sochi (Russia)"]
[Round "8"]
[White "Pomyjova-Chmielova Hana (CZE)"]
[Black "Kulish Irina (RUS)"]
[Result "0-1"]
[WhiteElo "2065"]
[BlackElo "2326"]

1.d4 Nf6 2.c4 e6 3.Nc3 Bb4 4.Qc2 c5 5.dxc5 O-O 6.a3 Bxc5 7.Bg5 Bxf2+ 8.Kxf2
Ng4+ 9.Ke1 Qxg5 10.Nf3 Qc5 11.e4 Nc6 12.Bd3 Nce5 13.Nxe5 Nxe5 14.Qe2 b6 15.Rd1
Ba6 16.Nb5 Rfc8 17.Rf1 d5 18.exd5 Nxd3+ 19.Qxd3 exd5 20.Qd4 Qe7+ 21.Kf2 Rxc4
22.Qxd5 Rc2+ 23.Kg1 Bb7 24.Rde1 Bxd5 25.Rxe7 Rxg2+ {#R} 0-1

[Event "Ch Czechoslovakia"]
[Site "masterchessopen.com Trinec (Czech Republic)"]
[Round "0"]
[White "Stohl Igor (SVK)"]
[Black "Jurek Josef (CZE)"]
[Result "1-0"]
[WhiteElo "2524"]
[BlackElo "2337"]

1.d4 Nf6 2.c4 e6 3.Nc3 Bb4 4.Qc2 c5 5.dxc5 O-O 6.a3 Bxc5 7.Nf3 b6 8.Bf4 Bb7
9.Rd1 Qc8 10.e3 d5 11.cxd5 Nxd5 12.Nxd5 Bxd5 13.Bd3 f5 14.O-O Nd7 15.b4 Be7
16.Qe2 Qc3 17.e4 fxe4 18.Bxe4 Rxf4 19.Bxd5 exd5 20.Qxe7 Nf6 21.Rc1 Qxa3
22.Qe6+ Kh8 23.Ne5 Qa6 24.b5 Qa3 25.g3 Rf3 26.Kg2 Re8 27.Rc8 {#r} 1-0

[Event "?"]
[Site "masterchessopen.com Voronezh (Russia)"]
[Round "0"]
[White "Doroshkievich Vladimir K (RUS)"]
[Black "Raetsky Alexander (RUS)"]
[Result "1-0"]
[WhiteElo "2420"]
[BlackElo "2437"]

1.d4 Nf6 2.c4 e6 3.Nc3 Bb4 4.Qc2 c5 5.dxc5 O-O 6.a3 Bxc5 7.Bf4 e5 8.Bg3 Bd4
9.e3 Bxc3+ 10.Qxc3 Nc6 11.Bd3 d5 12.Bxe5 Nxe5 13.Qxe5 dxc4 14.Bxc4 Re8 15.Qb5
Bd7 16.Qb3 Qa5+ 17.Kf1 Ne4 18.Nf3 Nd6 19.Bd3 Rac8 20.Ke2 Bc6 21.Qb4 Bxf3+
22.gxf3 Qe5 23.Rad1 g6 24.Bxg6 Nc4 25.Be4 Kh8 26.Rd5 Qf6 27.Rg1 Rxe4 28.fxe4
Ne5 29.f4 {#r} 1-0

[Event "?"]
[Site "masterchessopen.com Voronezh (Russia)"]
[Round "0"]
[White "Ruban Vadim (RUS)"]
[Black "Budnikov Alexandar (RUS)"]
[Result "1-0"]
[WhiteElo "2395"]
[BlackElo "2530"]

1.d4 Nf6 2.c4 e6 3.Nc3 Bb4 4.Qc2 c5 5.dxc5 O-O 6.a3 Bxc5 7.Nf3 b6 8.Bf4 Bb7
9.Rd1 Nc6 10.e3 a6 11.Be2 Rc8 12.Ng5 Be7 13.h4 h6 14.b4 Re8 15.Bd3 Rf8 16.Nce4
hxg5 17.Nxf6+ gxf6 18.hxg5 fxg5 19.Qe2 Bf6 20.Bh7+ Kg7 21.Qh5 Bc3+ 22.Kf1 Qf6
23.Bxg5 Ne5 24.Bxf6+ Kxf6 {#r} 1-0

[Event "It (open) \"]
[Site "masterchessopen.com Athens (Greece)"]
[Round "0"]
[White "Andruet Gilles (FRA)"]
[Black "Pavlovic Milos (SRB)"]
[Result "0-1"]
[WhiteElo "2360"]
[BlackElo "2531"]

1.d4 Nf6 2.c4 e6 3.Nc3 Bb4 4.Qc2 c5 5.dxc5 O-O 6.a3 Bxc5 7.Nf3 Nc6 8.Bg5 Nd4
9.Nxd4 Bxd4 10.e3 Qa5 11.exd4 Qxg5 12.Qd2 Qxd2+ 13.Kxd2 b6 14.b4 d6 15.Bd3 Bb7
16.f3 Rfc8 17.Rhb1 Bc6 18.a4 a5 19.bxa5 bxa5 20.Rb6 Kf8 21.Be4 Bxe4 22.fxe4
Rxc4 23.Kd3 Rac8 24.Ra3 e5 25.Nb5 d5 26.exd5 e4+ 27.Ke2 Rc2+ 28.Kf1 Nxd5
29.Rb7 e3 30.Nd6 {#R} 0-1

[Event "It (open)"]
[Site "masterchessopen.com Belgorod (Russia)"]
[Round "0"]
[White "Yakovich Yuri (RUS)"]
[Black "Zagrebelny Sergey (UZB)"]
[Result "1-0"]
[WhiteElo "2450"]
[BlackElo "2345"]

1.d4 Nf6 2.c4 e6 3.Nc3 Bb4 4.Qc2 c5 5.dxc5 O-O 6.a3 Bxc5 7.Nf3 Nc6 8.Bg5 Nd4
9.Nxd4 Bxd4 10.e3 Qa5 11.exd4 Qxg5 12.Qd2 Qxd2+ 13.Kxd2 b6 14.Bd3 Ba6 15.Rhc1
Rac8 16.Nd1 d6 17.Ne3 Rc7 18.b4 Rb8 19.a4 Bc8 20.Rcb1 Bd7 21.a5 b5 22.cxb5
Bxb5 23.Bxb5 Rxb5 24.Rc1 Rxc1 25.Rxc1 g5 26.Rc8+ Kg7 27.Kc3 d5 28.Rc7 Ne4+
29.Kb3 Nxf2 30.Rxa7 Nd3 31.Nc2 e5 32.dxe5 Nc5+ 33.Kc3 Ne6 34.Rd7 {#r} 1-0

[Event "It (open)"]
[Site "masterchessopen.com Bern (Switzerland)"]
[Round "0"]
[White "Sabi Yoseph (ISR)"]
[Black "Kamber Bruno (SUI)"]
[Result "1-0"]
[WhiteElo "2308"]
[BlackElo "2292"]

1.d4 Nf6 2.c4 e6 3.Nc3 Bb4 4.Qc2 c5 5.dxc5 O-O 6.a3 Bxc5 7.Nf3 b6 8.Bg5 Be7
9.Rd1 Bb7 10.e4 Nc6 11.Be2 h6 12.Bf4 Nh5 13.Be3 Nf6 14.e5 Ng4 15.Bf4 f6
16.exf6 Nxf6 17.O-O d5 18.cxd5 exd5 19.Bxh6 gxh6 20.Qg6+ Kh8 21.Qxh6+ Nh7
22.Rxd5 Qc8 23.Bd3 Rf7 24.Rh5 Qg8 25.Bc4 Rd8 26.Nd5 Rd6 27.Qe3 Qg4 28.Qc3+ Bf6
29.Nxf6 Rdxf6 30.Rxh7+ Rxh7 31.Qxf6+ Rg7 32.Qh6+ {#r} 1-0

[Event "It (open) \"]
[Site "masterchessopen.com Bratislava (Slovakia)"]
[Round "4"]
[White "Ac Michal (SVK)"]
[Black "Cimra Jozef (SVK)"]
[Result "1-0"]
[WhiteElo "2174"]
[BlackElo "2165"]

1.d4 Nf6 2.c4 e6 3.Nc3 Bb4 4.Qc2 c5 5.dxc5 O-O 6.Nf3 Na6 7.Bf4 Bxc5 8.e3 b6
9.a3 Bb7 10.Be2 Rc8 11.Nb5 d5 12.Rd1 Ne4 13.O-O Ra8 14.cxd5 exd5 15.Qa4 Qe8
16.Qc2 Be7 17.b4 Rc8 18.Qb3 Bc6 19.Nfd4 Bb7 20.f3 g5 21.fxe4 gxf4 22.Rxf4 dxe4
23.Bh5 Nc7 24.Nxc7 Rxc7 25.Ne6 {#r} 1-0

[Event "It (open) \"]
[Site "masterchessopen.com Budapest (Hungary)"]
[Round "0"]
[White "Pogorelov Ruslan (UKR)"]
[Black "Karpman Vadim (UKR)"]
[Result "0-1"]
[WhiteElo "2401"]
[BlackElo "2480"]

1.d4 Nf6 2.c4 e6 3.Nc3 Bb4 4.Qc2 c5 5.dxc5 O-O 6.Nf3 Na6 7.a3 Bxc3+ 8.Qxc3
Nxc5 9.e3 a5 10.b3 b6 11.Bb2 Ba6 12.Qc2 Rc8 13.Ng5 Re8 14.b4 Nb7 15.Bd3 g6
16.Qe2 d5 17.b5 dxc4 18.Bxc4 Nd6 19.Bd3 Bb7 20.O-O e5 21.Rfd1 h6 22.Nh3 Qe7
23.Rac1 Nfe4 24.f3 Nc5 25.Bc2 Qe6 26.Nf2 Nc4 27.Ba1 Nxa3 28.Ng4 Nxc2 29.Rxc2
h5 30.Nxe5 {#R} 0-1

[Event "Cup Latin (corr.)"]
[Site "masterchessopen.com corr."]
[Round "0"]
[White "Tirabassi Maurizio (ITA)"]
[Black "Padros Simon Antoni (ESP)"]
[Result "1-0"]
[WhiteElo "2306"]
[BlackElo "2226"]

1.d4 Nf6 2.c4 e6 3.Nc3 Bb4 4.Qc2 c5 5.dxc5 O-O 6.Nf3 Na6 7.Bd2 Nxc5 8.g3 d5
9.cxd5 exd5 10.a3 Bxc3 11.Bxc3 Nce4 12.Bg2 Bf5 13.Nh4 Be6 14.Bd4 Rc8 15.Qd3
Rc4 16.O-O b6 17.Rad1 Qe7 18.Nf3 Rfc8 19.h3 h6 20.Ne5 a6 21.f4 Nc5 22.Qe3 Rd8
23.g4 Bc8 24.g5 Nfe4 25.gxh6 gxh6 26.f5 Kh7 27.b4 Nd7 28.Bxe4 dxe4 29.f6 Nxf6
30.Qf4 Rd6 31.Nxf7 {#r} 1-0

[Event "Ch France (team)"]
[Site "masterchessopen.com France"]
[Round "0"]
[White "Gouret Thierry (FRA)"]
[Black "Cerisier Philippe (FRA)"]
[Result "0-1"]
[WhiteElo "2297"]
[BlackElo "2325"]

1.d4 Nf6 2.c4 e6 3.Nc3 Bb4 4.Qc2 c5 5.dxc5 O-O 6.Nf3 Na6 7.e3 Nxc5 8.Bd2 Bxc3
9.Bxc3 Nce4 10.Bb4 Re8 11.O-O-O b5 12.Nd4 a5 13.Be1 bxc4 14.Bxc4 d5 15.Bb5 Bd7
16.Kb1 e5 17.Bxd7 Qxd7 18.Ne2 Rec8 19.Qd3 Nc5 20.Qa3 Qf5+ 21.Ka1 Qc2 22.Rd2
Qg6 23.g3 a4 24.Rd1 Qc2 25.Bb4 Nb3+ 26.axb3 axb3 27.Nc3 Rxa3+ 28.Bxa3 Rxc3
{#R} 0-1

[Event "Bundesliga 1989/90 (2nd)"]
[Site "masterchessopen.com Germany"]
[Round "0"]
[White "Koerholz Ludger (GER)"]
[Black "Kohlweyer Bernd (GER)"]
[Result "1-0"]
[WhiteElo "2276"]
[BlackElo "2458"]

1.d4 Nf6 2.c4 e6 3.Nc3 Bb4 4.Qc2 c5 5.dxc5 O-O 6.a3 Bxc5 7.Nf3 b6 8.Bg5 Bb7
9.e4 Be7 10.Rd1 Na6 11.Be2 Nc5 12.Bxf6 Bxf6 13.e5 Be7 14.b4 Na6 15.Qd2 Nb8
16.O-O a6 17.Rfe1 Qc7 18.Qd4 Bc6 19.Ne4 Bxe4 20.Qxe4 Ra7 21.Bd3 g6 22.h4 Rd8
23.h5 d6 24.hxg6 hxg6 25.Qg4 Bf8 26.Ng5 Qc8 27.Qh4 Bg7 28.exd6 e5 29.Bxg6 fxg6
30.Qh7+ Kf8 31.Re3 Bf6 32.Qh6+ {#r} 1-0

[Event "It (b)"]
[Site "masterchessopen.com Sochi (Russia)"]
[Round "0"]
[White "Khenkin Igor (GER)"]
[Black "Tunik Gennady (RUS)"]
[Result "1-0"]
[WhiteElo "2445"]
[BlackElo "2470"]

1.d4 Nf6 2.c4 e6 3.Nc3 Bb4 4.Qc2 c5 5.dxc5 O-O 6.a3 Bxc5 7.Nf3 d5 8.Bf4 d4
9.O-O-O Qe7 10.Na4 Nc6 11.Nxc5 Qxc5 12.e3 e5 13.Nxe5 dxe3 14.b4 Qe7 15.Nxc6
bxc6 16.Bd6 Qb7 17.Bd3 exf2 18.Qxf2 Bg4 19.Rd2 a5 20.Re1 Be6 21.Bf5 axb4
22.Bxb4 c5 23.Bxc5 Qa6 24.Bxe6 fxe6 25.Bxf8 Rxf8 26.Qc5 Qa4 27.Rxe6 Rb8 28.Rc6
Rf8 29.Rc8 Ne8 30.Kb2 Qa6 31.Qc6 Qa5 32.Qd5+ {#r} 1-0

[Event "It"]
[Site "masterchessopen.com Sverdlovsk (Russia)"]
[Round "0"]
[White "Dautov Rustem (GER)"]
[Black "Horvath Csaba (HUN)"]
[Result "1-0"]
[WhiteElo "2535"]
[BlackElo "2445"]

1.d4 Nf6 2.c4 e6 3.Nc3 Bb4 4.Qc2 c5 5.dxc5 O-O 6.a3 Bxc5 7.Nf3 Be7 8.e4 d6
9.Bf4 e5 10.Be3 Bg4 11.Nd2 Nc6 12.h3 Be6 13.Be2 Rc8 14.Qd1 Nxe4 15.Ndxe4 f5
16.Bd3 fxe4 17.Bxe4 Nd4 18.Bxd4 exd4 19.Qh5 h6 20.Nd5 Bf7 21.Qf5 Bxd5 22.Qh7+
Kf7 23.Bxd5+ Kf6 24.O-O {#r} 1-0

[Event "It (open)"]
[Site "masterchessopen.com Werfen (Austria)"]
[Round "4"]
[White "Vukic Radivoje (SRB)"]
[Black "Siklosi Zoltan (HUN)"]
[Result "1-0"]
[WhiteElo "2336"]
[BlackElo "2328"]

1.d4 Nf6 2.c4 e6 3.Nc3 Bb4 4.Qc2 c5 5.dxc5 O-O 6.a3 Bxc5 7.Nf3 Nc6 8.Bg5 b6
9.e3 Bb7 10.Bd3 h6 11.h4 Be7 12.Rh3 Ng4 13.Rg3 f5 14.Bf4 g5 15.hxg5 hxg5
16.Bxf5 exf5 17.Rxg4 Nb4 18.axb4 Be4 19.Nxe4 fxg4 20.Nexg5 Bxb4+ 21.Kf1 Qe7
22.Be5 {#r} 1-0

[Event "It (open)"]
[Site "masterchessopen.com Bela Crkva (Yugoslavia)"]
[Round "8"]
[White "Strutinskaya Galina N (RUS)"]
[Black "Serper Grigory (USA)"]
[Result "0-1"]
[WhiteElo "2190"]
[BlackElo "2485"]

1.d4 Nf6 2.c4 e6 3.Nc3 Bb4 4.Qc2 c5 5.dxc5 O-O 6.Bf4 Na6 7.a3 Bxc3+ 8.Qxc3
Nxc5 9.Rd1 Nce4 10.Qc2 Qa5+ 11.Bd2 Nxd2 12.Qxd2 Qc5 13.e3 b6 14.Nf3 Ba6 15.Bd3
Rac8 16.b4 Qc7 17.b5 Bb7 18.Qe2 d5 19.Rc1 dxc4 20.Rxc4 Qd6 21.O-O Bxf3 22.gxf3
Qxa3 23.Qc2 Rxc4 24.Qxc4 Rd8 25.Rc1 Rd6 {#R} 0-1

[Event "It (b)"]
[Site "masterchessopen.com Budapest (Hungary)"]
[Round "8"]
[White "Kahn Evarth Dr (HUN)"]
[Black "Kiss Attila (HUN)"]
[Result "1-0"]
[WhiteElo "2252"]
[BlackElo "2358"]

1.d4 Nf6 2.c4 e6 3.Nc3 Bb4 4.Qc2 c5 5.dxc5 O-O 6.Bg5 Qa5 7.Bd2 Qxc5 8.e3 Nc6
9.a3 Bxc3 10.Bxc3 a5 11.Rc1 b6 12.Nf3 Rd8 13.Bd3 Qh5 14.O-O Bb7 15.Rfd1 a4
16.Be2 Qh6 17.b4 axb3 18.Qxb3 Ne4 19.Qxb6 Rab8 20.Qb1 Ne7 21.Ba5 Rdc8 22.Qa1
Nf5 23.Rxd7 Nxe3 24.Rb1 Bc6 25.Rc7 Ba8 26.Qb2 Ng5 27.Qxb8 Nh3+ 28.Kh1 Nxf2+
29.Kg1 Nh3+ 30.gxh3 Qg6+ 31.Kf2 Nd1+ 32.Bxd1 {#r} 1-0

[Event "Ch Yugoslavia (team)"]
[Site "masterchessopen.com Cetinje (Montenegro)"]
[Round "0"]
[White "Maric Alisa (SRB)"]
[Black "Ankerst Milka (SLO)"]
[Result "1-0"]
[WhiteElo "2365"]
[BlackElo "2084"]

1.d4 Nf6 2.c4 e6 3.Nc3 Bb4 4.Qc2 c5 5.dxc5 O-O 6.Nf3 Na6 7.a3 Bxc5 8.Bg5 Be7
9.e4 b6 10.Rd1 Bb7 11.Be2 Nc5 12.Bxf6 gxf6 13.b4 Na6 14.O-O Nb8 15.Rd2 a6
16.Rfd1 Qc7 17.Qd3 Kh8 18.Qe3 d6 19.Nd4 Nd7 20.f4 f5 21.exf5 Rg8 22.Nf3 e5
23.fxe5 Nxe5 24.Nd5 Bxd5 25.Rxd5 Ng4 26.Qf4 a5 27.f6 Nxf6 28.Rxd6 axb4 29.axb4
Ra2 30.Bf1 Rg6 31.Rxf6 Qxf4 32.Rxf4 {#r} 1-0

[Event "Bundesliga 1989/90"]
[Site "masterchessopen.com Germany"]
[Round "0"]
[White "Bakalarz Mieczyslaw (LUX)"]
[Black "Rausch Wilfried (GER)"]
[Result "1-0"]
[WhiteElo "2347"]
[BlackElo "2245"]

1.d4 e6 2.c4 Nf6 3.Nc3 Bb4 4.Qc2 c5 5.dxc5 O-O 6.Bg5 Na6 7.e3 Nxc5 8.f3 Re8
9.Ne2 d5 10.a3 Bxc3+ 11.Nxc3 d4 12.O-O-O Qb6 13.Bxf6 gxf6 14.exd4 Nb3+ 15.Kb1
Nxd4 16.Qf2 e5 17.Bd3 f5 18.f4 e4 19.Nd5 Qh6 20.Qxd4 exd3 21.Rxd3 b6 22.Rg3+
{#r} 1-0

[Event "Bundesliga 1990/91 (2nd)"]
[Site "masterchessopen.com Germany"]
[Round "0"]
[White "Gerusel Mathias (GER)"]
[Black "Thiel Kuno (GER)"]
[Result "1-0"]
[WhiteElo "2239"]
[BlackElo "2194"]

1.d4 Nf6 2.c4 e6 3.Nc3 Bb4 4.Qc2 c5 5.dxc5 O-O 6.a3 Bxc5 7.Nf3 Nc6 8.e3 d5
9.b4 Be7 10.Bb2 dxc4 11.Bxc4 a6 12.Rd1 Qc7 13.Ba2 a5 14.b5 Nb4 15.Qa4 Nxa2
16.Nxa2 b6 17.Rc1 Qb7 18.Nc3 Nd7 19.Qc4 Nc5 20.Na4 Nxa4 21.Qxa4 Bd7 22.O-O Qd5
23.Qg4 e5 24.Qg3 f6 25.a4 Qb3 26.Rc7 Rad8 27.Ba1 Qxa4 28.Nxe5 Bd6 29.Rxd7 Bxe5
30.Qxg7# 1-0

[Event "It (open)"]
[Site "masterchessopen.com Ontario (Canada)"]
[Round "0"]
[White "Kiviaho Bob (CAN)"]
[Black "Lamb Bryan (CAN)"]
[Result "0-1"]
[WhiteElo "2169"]
[BlackElo "2050"]

1.d4 Nf6 2.c4 e6 3.Nc3 Bb4 4.Qc2 c5 5.dxc5 O-O 6.g3 Na6 7.Bg2 Nxc5 8.Bd2 d5
9.cxd5 exd5 10.Rd1 d4 11.Be3 Ne6 12.Nf3 Bc5 13.Na4 Qa5+ 14.Bd2 Bb4 15.b3 Bd7
16.Nb2 Rac8 17.Qb1 Bc3 18.O-O Bb5 19.Rfe1 Rfd8 20.Bh3 Qa6 21.Nd3 Ne4 22.Nf4
Nxf4 23.Bxf4 Bxe1 24.Qxe4 Re8 25.Qb1 Bxe2 26.Bxc8 Bxf3 27.Rc1 Bxf2+ 28.Kxf2
Qe2+ {#R} 0-1

[Event "Ch World (juniors) (under 20) (g)"]
[Site "masterchessopen.com Santiago (Chile)"]
[Round "0"]
[White "Botsari Anna-Maria (GRE)"]
[Black "Hernandez Amaury (CUB)"]
[Result "1-0"]
[WhiteElo "2313"]
[BlackElo "2136"]

1.d4 Nf6 2.c4 e6 3.Nc3 Bb4 4.Qc2 c5 5.dxc5 O-O 6.Bg5 Na6 7.a3 Bxc3+ 8.Qxc3
Nxc5 9.b4 Nce4 10.Bxf6 Qxf6 11.Qxf6 Nxf6 12.g3 a5 13.b5 b6 14.Bg2 Ra7 15.Nf3
Bb7 16.O-O Bxf3 17.Bxf3 Rc8 18.Rfd1 Rxc4 19.Rd6 Kf8 20.Rxb6 d5 21.Rb8+ Ke7
22.b6 Ra6 23.Rb1 Nd7 24.Rb7 Rc6 25.Rxd7+ Kxd7 26.b7 Rab6 27.b8=Q Rxb8 28.Rxb8
Rc1+ 29.Kg2 Rc3 30.Rb7+ Ke8 {#r} 1-0

[Event "Ch URS (juniors)"]
[Site "masterchessopen.com Alma-Ata (Kazakhstan)"]
[Round "0"]
[White "Makarjev Ilja (RUS)"]
[Black "Berzinsh Roland (LAT)"]
[Result "1-0"]
[WhiteElo "2330"]
[BlackElo "2417"]

1.d4 Nf6 2.c4 e6 3.Nc3 Bb4 4.Qc2 c5 5.dxc5 O-O 6.Bf4 Na6 7.a3 Bxc3+ 8.Qxc3
Nxc5 9.f3 d5 10.cxd5 Nxd5 11.Qxc5 Nxf4 12.Rd1 Qf6 13.e3 Nd5 14.e4 Nf4 15.e5
Qh6 16.Qc1 Qg5 17.Ne2 Nxg2+ 18.Bxg2 Qxg2 19.Rg1 Qxf3 20.Qh6 g6 21.Rd4 Qf5
22.Rh4 Qb1+ 23.Kf2 Qf5+ 24.Ke1 Qb1+ 25.Nc1 Re8 26.Qxh7+ Kf8 27.Qh8+ Ke7
28.Qf6+ Kd7 29.Qxf7+ Re7 30.Rd4+ Kc6 31.Rd6+ Kb5 32.Qf1+ Ka5 33.Qc4 b6 34.Rg4
{#r} 1-0

[Event "Spartakiada URS"]
[Site "masterchessopen.com Azov (Russia)"]
[Round "0"]
[White "Guseinov Aidyn (AZE)"]
[Black "Dzuban Oleg I (KAZ)"]
[Result "1-0"]
[WhiteElo "2489"]
[BlackElo "2362"]

1.d4 Nf6 2.c4 e6 3.Nc3 Bb4 4.Qc2 c5 5.dxc5 O-O 6.a3 Bxc5 7.Nf3 b6 8.Bf4 Nh5
9.Bg5 f6 10.Bd2 f5 11.e4 Nc6 12.exf5 exf5 13.O-O-O Bb7 14.Bd3 Ne7 15.Nh4 g6
16.Bg5 Bd6 17.c5 Bf4+ 18.Bxf4 Nxf4 19.Bc4+ Kg7 20.Qd2 Nfd5 21.Nxd5 Nxd5
22.Bxd5 Bxd5 23.Qd4+ Kh6 24.Qe3+ Kh5 25.h3 {#r} 1-0

[Event "It \"]
[Site "masterchessopen.com Budapest (Hungary)"]
[Round "0"]
[White "Sjoberg Mats (SWE)"]
[Black "Vadasz Laszlo (HUN)"]
[Result "1-0"]
[WhiteElo "2360"]
[BlackElo "2271"]

1.d4 Nf6 2.c4 e6 3.Nc3 Bb4 4.Qc2 c5 5.dxc5 O-O 6.a3 Bxc5 7.Nf3 b6 8.Bg5 Bb7
9.Rd1 Be7 10.e4 h6 11.Bh4 Nc6 12.e5 Ne8 13.Bg3 f5 14.exf6 Nxf6 15.Bd3 Na5
16.Ne5 Bxg2 17.Rg1 Bh3 18.Bf4 Bf5 19.Bxf5 exf5 20.Bxh6 Ng4 21.Rxg4 fxg4 22.Qg6
{#r} 1-0

[Event "It (open)"]
[Site "masterchessopen.com Budapest (Hungary)"]
[Round "0"]
[White "Kahn Evarth Dr (HUN)"]
[Black "Dinstuhl Burghard (GER)"]
[Result "1-0"]
[WhiteElo "2252"]
[BlackElo "2325"]

1.d4 Nf6 2.c4 e6 3.Nc3 Bb4 4.Qc2 c5 5.dxc5 O-O 6.Nf3 Na6 7.g3 Nxc5 8.Bg2 Nce4
9.O-O Bxc3 10.bxc3 Qa5 11.Nd4 d5 12.cxd5 exd5 13.c4 Qc5 14.Nb5 Rd8 15.Be3 Qe7
16.cxd5 Bf5 17.Qc7 Rd7 18.Qf4 Bg6 19.d6 Qd8 20.Bh3 Nd5 21.Qf3 Nxe3 22.Qxe3 f5
23.Nc7 Rc8 24.Qxa7 Nxd6 25.Ne6 Qf6 26.Nf4 Ne4 27.Rad1 Rcd8 28.Rxd7 Rxd7 29.Rc1
h6 30.Qb8+ Kh7 31.Rc8 {#r} 1-0